LEADER 03080nam 2200649 450 001 996466868203316 005 20220905225620.0 010 $a3-540-46746-7 024 7 $a10.1007/BFb0090897 035 $a(CKB)1000000000437058 035 $a(SSID)ssj0000325803 035 $a(PQKBManifestationID)12087652 035 $a(PQKBTitleCode)TC0000325803 035 $a(PQKBWorkID)10264921 035 $a(PQKB)10219537 035 $a(DE-He213)978-3-540-46746-5 035 $a(MiAaPQ)EBC5576401 035 $a(Au-PeEL)EBL5576401 035 $a(OCoLC)1066186564 035 $a(MiAaPQ)EBC6841858 035 $a(Au-PeEL)EBL6841858 035 $a(PPN)155164023 035 $a(EXLCZ)991000000000437058 100 $a20220905d1990 uy 0 101 0 $aeng 135 $aurnn|008mamaa 181 $ctxt 182 $cc 183 $acr 200 00$aPreconditioned conjugate gradient methods $eproceedings of a conference held in Nijmegen, the Netherlands, June 19-21, 1989 /$fedited by O. Axelsson, L. Yu. Kolotilina 205 $a1st ed. 1990. 210 1$aBerlin, Germany ;$aNew York, New York :$cSpringer,$d[1990] 210 4$d©1990 215 $a1 online resource (VIII, 204 p.) 225 1 $aLecture Notes in Mathematics,$x0075-8434 ;$v1457 300 $aBibliographic Level Mode of Issuance: Monograph 311 $a3-540-53515-2 320 $aIncludes bibliographical references. 327 $aModified incomplete factorization strategies -- On some parallel preconditioned CG schemes -- Preconditioning indefinite systems arising from mixed finite element discretization of second-order elliptic problems -- A class of preconditioned conjugate gradient methods applied to finite element equations -- Recent vectorization and parallelization of ITPACKV -- On the sparsity patterns of hierarchical finite element matrices -- Solving positive (semi)definite linear systems by preconditioned iterative methods -- The convergence behaviour of preconditioned CG and CG-S in the presence of rounding errors -- Data reduction (dare) preconditioning for generalized conjugate gradient methods -- Analysis of a recursive 5-point/9-point factorization method -- Iteration method as discretization procedures. 410 0$aLecture notes in mathematics (Springer-Verlag) ;$v1457. 606 $aDifference equations$xNumerical solutions$vCongresses 606 $aFinite element method$vCongresses 606 $aConjugate gradient methods$vCongresses 615 0$aDifference equations$xNumerical solutions 615 0$aFinite element method 615 0$aConjugate gradient methods 676 $a512.94 702 $aKolotilina$b L. I?U 702 $aAxelsson$b O.$f1934- 712 12$aInternational Conference on Preconditioned Conjugate Gradient Methods$f(1989 :$eFaculty of Mathematics and Informatics, University of Nijmegen) 801 0$bMiAaPQ 801 1$bMiAaPQ 801 2$bMiAaPQ 906 $aBOOK 912 $a996466868203316 996 $aPreconditioned conjugate gradient methods$981324 997 $aUNISA LEADER 01182nam a2200289 i 4500 001 991004063349707536 005 20020506112801.0 008 001103s1977 de ||| | eng 020 $a0387085327 035 $ab10594735-39ule_inst 035 $aEXGIL131621$9ExL 040 $aBiblioteca Interfacoltà$bita 082 0 $a523.8 110 2 $aInternational astronomical union$0292972 245 10$aProblems of stellar convection :$bproceedings of the Colloquium nr. 38 of the International astronomical union, held in Nice, August 16-20, 1976 /$cedited by E.A. Spiegel and J.P. Zahn 260 $aBerlin ; Heidelberg ; New York :$bSpringer,$c1977 300 $aVII, 363 p. :$bill. ;$c25 cm. 490 0 $aLecture notes in physics ;$v71 650 4$aStelle - Evoluzione$xCongressi$y1977 700 1 $aSpiegel, Edward A. 700 1 $aZahn, Jean-Paul 907 $a.b10594735$b23-02-17$c27-06-02 912 $a991004063349707536 945 $aLE002 Scien. I H 7$g1$i2002000492647$lle002$o-$pE0.00$q-$rl$s- $t0$u0$v0$w0$x0$y.i10679558$z27-06-02 996 $aProblems of stellar convection$9190552 997 $aUNISALENTO 998 $ale002$b01-01-00$cm$da $e-$feng$gde $h0$i1